000 00615nam a2200193 a 4500
001 000042849
005 20201002040438.0
008 140211s1985 sp 000 0 spa d
020 _a8475308945
040 _aDO-SdBNP
_bspa
_cBNPHU
082 _axxx
_bxxx
100 1 _aSalgari, Emilio
_d1862-1911
_944242
245 1 3 _aLa Venganza /
_cEmilio Salgari.
260 _aBarcelona :
_bOrbis,
_c1985.
300 _a189 p. ;
_c20 cm.
490 1 _aLa grandes novelas de aventuras
_v25
500 _aIncluye referencias bibliográficas y notas al pie de las páginas
830 0 _aLa grandes novelas de aventuras
_n25
_970235
999 _c42338
_d42338